000
00219nam a2200097Ia 4500
008
240331s9999 xx 000 0 und d
082
_b
ALE
100
_a
Alexander, P.C
245
0
_a
My Years With Indira Gandhi
942
_c
L
999
_c
5711
_d
5711